000 00527nam a2200157 4500
005 20251014101425.0
008 251014b |||||||| |||| 00| 0 eng d
020 _a9780195668346
_qpbk
041 _aeng
082 _a301.072
_bSRI
245 _a The Fieldworker And The Field : Problems And Challenges In Sociological Investigation
_cM N Srinivasa, A. M. Shah andE. A. Ramaswamy
260 _aOxford
_bOxford University Press
_c2002
300 _axvii, 286 p.
_c24 cm.
650 _aSociology Methodology;
942 _cENGLISH
999 _c591548
_d591548